<?xml version="1.0" encoding="UTF-8"?>
<record
    xmlns:xsi="http://www.w3.org/2001/XMLSchema-instance"
    xsi:schemaLocation="http://www.loc.gov/MARC21/slim http://www.loc.gov/standards/marcxml/schema/MARC21slim.xsd"
    xmlns="http://www.loc.gov/MARC21/slim">

  <leader>01806nam a2200265   4500</leader>
  <controlfield tag="001">017485</controlfield>
  <controlfield tag="003">AR-CdUEA</controlfield>
  <controlfield tag="005">20220326193247.0</controlfield>
  <controlfield tag="008">090912s2007____ag_||||||||||_||||||spa|d</controlfield>
  <datafield tag="020" ind1=" " ind2=" ">
    <subfield code="a">9789875000742</subfield>
  </datafield>
  <datafield tag="040" ind1=" " ind2=" ">
    <subfield code="a">AR-CdUEA</subfield>
    <subfield code="c">Ediciones Manantial SRL</subfield>
  </datafield>
  <datafield tag="082" ind1=" " ind2=" ">
    <subfield code="a">809.933.58</subfield>
    <subfield code="b">B575l</subfield>
  </datafield>
  <datafield tag="100" ind1="1" ind2=" ">
    <subfield code="a">Bhabha, Homi K., 1949-</subfield>
    <subfield code="9">291</subfield>
  </datafield>
  <datafield tag="245" ind1="1" ind2="3">
    <subfield code="a">El lugar de la cultura / </subfield>
    <subfield code="c">Homi K. Bhabha ; traducci&#xF3;n de C&#xE9;sar Aira.</subfield>
  </datafield>
  <datafield tag="250" ind1=" " ind2=" ">
    <subfield code="a">1a ed.</subfield>
  </datafield>
  <datafield tag="260" ind1=" " ind2=" ">
    <subfield code="a">Buenos Aires : </subfield>
    <subfield code="b">Manantial, </subfield>
    <subfield code="c">2011</subfield>
  </datafield>
  <datafield tag="300" ind1=" " ind2=" ">
    <subfield code="a">308 p. ; </subfield>
    <subfield code="c">23 cm.</subfield>
    <subfield code="b">ill (a color)</subfield>
  </datafield>
  <datafield tag="500" ind1=" " ind2=" ">
    <subfield code="a">Tipo de documento: LIBRO</subfield>
  </datafield>
  <datafield tag="505" ind1=" " ind2=" ">
    <subfield code="t">Agradecimientos</subfield>
    <subfield code="t">Introduccion</subfield>
    <subfield code="t">I. El compromiso con la teoria</subfield>
    <subfield code="t">II. Interrogar la identidad. Frantz Fanon y la prerrogativa poscolonial</subfield>
    <subfield code="t">III. La otra pregunta.  El estereotipo, la discriminaci&#xF3;n y el discurso del colonialismo</subfield>
    <subfield code="t">IV. El mimetismo y el hombre. La ambivalencia del discurso colonial</subfield>
    <subfield code="t">V. Astuta urbanidad.</subfield>
    <subfield code="t">VI. Signos tomados por prodigios. Cuestiones de ambivalencia y autoridad bajo un &#xE1;rbol en las afueras de Delhi, mayo de 1817</subfield>
    <subfield code="t">VII. Articular lo arcaico. Diferencias culturales y sinsentido colonial</subfield>
    <subfield code="t">VIII. Diseminacion. El tiempo, el relato y los margenes de la naci&#xF3;n moderna</subfield>
    <subfield code="t">IX. Lo poscolonial y los posmoderno. La cuesti&#xF3;n de la agencia</subfield>
    <subfield code="t">X. A pan solo. Signos de violencia a mediados del siglo XIX</subfield>
    <subfield code="t">XI. Como entra lo nuevo al mundo. Espacio posmoderno, tiempos poscoloniales y y las pruebas de la traducci&#xF3;n cultural</subfield>
    <subfield code="t">Conclusi&#xF3;n. "Raza", tiempo y la revisi&#xF3;n e la modernidad</subfield>
  </datafield>
  <datafield tag="650" ind1=" " ind2="4">
    <subfield code="a">SOCIOLOGIA CULTURAL</subfield>
    <subfield code="x">literatura moderna</subfield>
    <subfield code="x">historia y critica</subfield>
    <subfield code="x">imperialismo en la literatura</subfield>
    <subfield code="x">conflictos culturales en la literatura</subfield>
    <subfield code="9">306</subfield>
  </datafield>
  <datafield tag="650" ind1=" " ind2="4">
    <subfield code="a">ENSAYOS CULTURALES</subfield>
    <subfield code="9">307</subfield>
  </datafield>
  <datafield tag="650" ind1=" " ind2="4">
    <subfield code="a">POLITICA Y CULTURA</subfield>
    <subfield code="9">308</subfield>
  </datafield>
  <datafield tag="650" ind1=" " ind2="4">
    <subfield code="a">CRITICA LITERARIA</subfield>
    <subfield code="9">309</subfield>
  </datafield>
  <datafield tag="700" ind1=" " ind2=" ">
    <subfield code="a">Homi k. Bhabha</subfield>
    <subfield code="9">310</subfield>
  </datafield>
  <datafield tag="999" ind1=" " ind2=" ">
    <subfield code="c">58</subfield>
    <subfield code="d">58</subfield>
  </datafield>
  <datafield tag="952" ind1=" " ind2=" ">
    <subfield code="0">0</subfield>
    <subfield code="1">0</subfield>
    <subfield code="2">ddc</subfield>
    <subfield code="4">0</subfield>
    <subfield code="7">0</subfield>
    <subfield code="a">LV</subfield>
    <subfield code="b">LV</subfield>
    <subfield code="c">Pensamiento</subfield>
    <subfield code="d">2014-04-09</subfield>
    <subfield code="l">1</subfield>
    <subfield code="o">809.933.58 B575l</subfield>
    <subfield code="p">000046</subfield>
    <subfield code="q">2019-12-25</subfield>
    <subfield code="r">2019-12-04 00:00:00</subfield>
    <subfield code="s">2019-12-04</subfield>
    <subfield code="w">2014-04-09</subfield>
    <subfield code="y">01</subfield>
  </datafield>
</record>
